000 00380nam a2200157Ia 4500
005 20241113032214.0
008 240331s9999 xx 000 0 und d
020 _a9789558897133
082 _bMUL
_a823
100 _aMuller,C
245 0 _aWedding night
260 _aColombo
_bPerera Hussein Publishing House
_c2007
300 _a98 p .,
650 _aShort Stories
942 _cL
999 _c5386
_d5386